Największe miasta Rumunii - Statystyki

Ogólne statystyki
  • Ten quiz został rozwiązany 218 razy
    194 od ostatniego zresetowania
  • Średni wynik to 5 z 10
Statystyki odpowiedzi
Liczba Ludności Miasto % Poprawnych
1 1 883 425 Bukareszt
100%
2 324 576 Kluż Napoka
82%
3 319 279 Timisoara
66%
5 283 872 Konstanca
59%
4 290 422 Jassy
55%
6 269 506 Krajowa
53%
7 253 200 Braszów
50%
10 196 367 Oradea
36%
9 209 945 Ploeszti
30%
8 249 342 Gałaczi
5%
Nie znaleziono quizów pasujących do podanych kryteriów
Rozkład punktacji
Procent ludzi z każdym wynikiem
Percentyl według liczby udzielonych odpowiedzi
Twoja historia wyników
Nie rozwiązałeś tego quizu od ostatniego zresetowania